01568 2200289 4500001002100000005001500021035002000036008004100056020002200097041000800119082001000127084001400137100003400151245006600185260003100251300002000282500002300302520075800325650001701083650002801100990002501128990002501153990002501178990002501203990002501228990002501253INLIS00000000000330520221110100436 a0010-0520003305221110 | | eng  a978-0-415-42088-4 aeng a320.8 a320.8 INN0 aInnovations in Urban Politics1 aInnovations in Urban Politics /cEdited by Jonathan S. Davies aLondon :bRoutledge,c2008 a146 p. ;c24 cm aIndeks : P.143-146 aThis book highlights recent research in urban politics. It draws together an international and cosmopolitan group of csholars working on urban politics, each making a distinctive contribution. In a diverse collection of essays, it is challenging for an editor to make connections and generalisations about the contributions and this book is no exception. Each chapter speaks for itself. there is a common theme, which lies in the implicit or explicit assertion of each author that the study of politics at the urban scale is essential. in shorts, urban politics matters. This collection demonstrates the vitality of international urban political scholarship and highlights the research concerns likely to occupy scholars and students in the years ahead. 4aUrban policy 4aPolitics and government a10306/MKRI-P/XI-2008 a10307/MKRI-P/XI-2008 a10306/MKRI-P/XI-2008 a10307/MKRI-P/XI-2008 a10307/MKRI-P/XI-2008 a10306/MKRI-P/XI-2008